| 000 | 00000nam 2200000zi 4500 |
| 001 | 9.932545 |
| 003 | CaOODSP |
| 005 | 20240215152916 |
| 006 | m o d f |
| 007 | cr |n||||||||| |
| 008 | 240116e202402 onc ob f100 0 fre d |
| 020 | |a9780660696508 |
| 040 | |aCaOODSP|bfre|erda|cCaOODSP |
| 043 | |an-cn--- |
| 086 | 1 |aFs70-4/2023-041F-PDF |
| 245 | 00|aCompte rendu de l'examen par les pairs zonal de la vingt-cinquième réunion annuelle du Programme de monitorage de la zone Atlantique (PMZA) du 27 au 29 mars 2023, réunion virtuelle / |cprésident : Peter Galbraith ; rapporteur : Aude Boivin-Rioux. |
| 264 | 1|aOttawa (Ontario) : |bSecrétariat canadien de consultation scientifique (SCCS), |cfévrier 2024. |
| 264 | 4|c©2024 |
| 300 | |a1 ressource en ligne ( pages). |
| 336 | |atexte|btxt|2rdacontent/fre |
| 337 | |ainformatique|bc|2rdamedia/fre |
| 338 | |aressource en ligne|bcr|2rdacarrier/fre |
| 490 | 1 |aCompte rendu, |x2292-4264 ; |v2023/041 |
| 500 | |aPublié aussi en anglais sous le titre : Proceedings of the zonal peer review of the twenty-fifth annual meeting of the Atlantic Zone Monitoring Program (AZMP), March 27-29, 2023. |
| 504 | |aComprend des références bibliographiques (page 17). |
| 650 | 6|aEnvironnement|xSurveillance|zProvinces de l'Atlantique|vCongrès. |
| 650 | 6|aÉcorégions marines|zProvinces de l'Atlantique|vCongrès. |
| 650 | 6|aOcéanographie|zProvinces de l'Atlantique|vCongrès. |
| 655 | 7|aActes de congrès|2rvmgf |
| 700 | 1 |aGalbraith, Peter S. |q(Peter Stewart), |d1963- |
| 710 | 2 |aSecrétariat canadien de consultation scientifique, |eorganisme de publication. |
| 710 | 1 |aCanada. |bMinistère des pêches et des océans, |eorganisme de publication. |
| 775 | 08|tProceedings of the zonal peer review of the twenty-fifth annual meeting of the Atlantic Zone Monitoring Program (AZMP), March 27-29, 2023, virtual meeting / |w(CaOODSP)9.932544 |
| 830 | #0|aCompte rendu (Secrétariat canadien de consultation scientifique)|v2023/041.|w(CaOODSP)9.502879 |
| 856 | 40|qPDF|s403 Ko|uhttps://publications.gc.ca/collections/collection_2024/mpo-dfo/fs70-4/Fs70-4-2023-041-fra.pdf |